书目信息 |
| 题名: |
户外运动拓展与荒野生存探险
|
|
| 作者: | 刘晓燕 , 高誉松 编著 | |
| 分册: | ||
| 出版信息: | 北京 北京工业大学出版社 2021.1 |
|
| 页数: | 199页 | |
| 开本: | 26cm | |
| 丛书名: | ||
| 单 册: | ||
| 中图分类: | G806 , G895 | |
| 科图分类: | ||
| 主题词: | 体育锻炼--ti yu duan lian , 野外--ye wai--生存 | |
| 电子资源: | ||
| ISBN: | 978-7-5639-6451-2 | |
| 000 | 01118nam0 2200289 450 | |
| 001 | 012001000172 | |
| 005 | 20140131110319.0 | |
| 010 | @a978-7-5639-6451-2@dCNY52.00 | |
| 099 | @aCAL 012022001885 | |
| 100 | @a20220905d2021 em y0chiy50 ea | |
| 101 | 0 | @achi |
| 102 | @aCN@b110000 | |
| 105 | @aak a 000yy | |
| 106 | @ar | |
| 200 | 1 | @a户外运动拓展与荒野生存探险@Ahu wai yun dong tuo zhan yu huang ye sheng cun tan xian@f刘晓燕, 高誉松编著 |
| 210 | @a北京@c北京工业大学出版社@d2021.1 | |
| 215 | @a199页@c图@d26cm | |
| 320 | @a有书目 (第198-199页) | |
| 330 | @a本选题首先介绍了户外运动的一些概念, 包括起源于发展、概念与特点、分类与价值等; 然后从户外运动的基本技能、定向运动、运动前准备与计划制定等方面进行论述, 最后从户外运动中比较常见的几个运动项目进行分析, 主要包括陆地项目、水上项目, 并且对野外生存探险的一些技巧进行了详细阐述。 | |
| 606 | 0 | @a体育锻炼@Ati yu duan lian |
| 606 | 0 | @a野外@Aye wai@x生存 |
| 690 | @aG806@v5 | |
| 690 | @aG895@v5 | |
| 701 | 0 | @a刘晓燕@Aliu xiao yan@4编著 |
| 701 | 0 | @a高誉松@Agao yu song@4编著 |
| 801 | 0 | @aCN@bAHXH@c20221111 |
| 905 | @b1363887-91@dG806@e2007@f5 | |
| 户外运动拓展与荒野生存探险/刘晓燕, 高誉松编著.-北京:北京工业大学出版社,2021.1 |
| 199页:图;26cm |
| ISBN 978-7-5639-6451-2:CNY52.00 |
| 本选题首先介绍了户外运动的一些概念, 包括起源于发展、概念与特点、分类与价值等; 然后从户外运动的基本技能、定向运动、运动前准备与计划制定等方面进行论述, 最后从户外运动中比较常见的几个运动项目进行分析, 主要包括陆地项目、水上项目, 并且对野外生存探险的一些技巧进行了详细阐述。 |
| ● |
| 相关链接 |
|
|
|
|
正题名:户外运动拓展与荒野生存探险
索取号:G806/2007
 
预约/预借
| 序号 | 登录号 | 条形码 | 馆藏地/架位号 | 状态 | 备注 |
| 1 | 1363887 | 213638875 | 第一样本阅览室/ [索取号:G806/2007] | 在馆 | |
| 2 | 1363888 | 213638884 | 教育系资料室/ [索取号:G806/2007] | 在馆 | |
| 3 | 1363889 | 213638893 | 教育系资料室/ [索取号:G806/2007] | 在馆 | |
| 4 | 1363890 | 213638900 | 第四借阅区/ [索取号:G806/2007] | 在馆 | |
| 5 | 1363891 | 213638919 | 第四借阅区/ [索取号:G806/2007] | 在馆 |